Karvašovci

Rozhovor so synom významného slovenského národohospodára a právnika Imricha Karvaša. Životný príbeh a pôsobenie Imricha Karvaša ako aj jeho syna Milana Karvaša, ktorý sa venoval a aj v súčasnosti venuje vede a výskumu v chémii.

Salvato in:
Dettagli Bibliografici
Autore principale: Vavrová, Tatiana
Altri autori: Matijek, Peter, Karvaš, Milan
Natura: Capitolo di libro
Lingua:slovacco
Soggetti:
Tags: Aggiungi Tag
Nessun Tag, puoi essere il primo ad aggiungerne!!

MARC

LEADER 00000naa a2200000 4500
001 0206080
005 20240419121048.4
041 0 |a slo 
044 |a SK 
245 1 0 |a Karvašovci  |c Tatiana Vavrová, Peter Matijek, Milan Karvaš 
520 |a Rozhovor so synom významného slovenského národohospodára a právnika Imricha Karvaša. Životný príbeh a pôsobenie Imricha Karvaša ako aj jeho syna Milana Karvaša, ktorý sa venoval a aj v súčasnosti venuje vede a výskumu v chémii. 
610 2 0 |a manažéri 
610 2 0 |a hospodárstvo národné 
610 2 0 |a právo 
610 2 0 |a chémia 
610 2 0 |a výskum 
610 2 0 |a veda 
610 2 0 |a politika 
610 2 0 |a história 
100 1 |a Vavrová, Tatiana 
700 1 |a Matijek, Peter 
700 1 |a Karvaš, Milan